Գահնամակ / (Record no. 535360)
[ view plain ]
| 000 -LEADER | |
|---|---|
| fixed length control field | 01263nam a2200301 a 4500 |
| 001 - CONTROL NUMBER | |
| control field | 1920789 |
| 003 - CONTROL NUMBER IDENTIFIER | |
| control field | AM-YeHGA |
| 005 - DATE AND TIME OF LATEST TRANSACTION | |
| control field | 20251022135020.0 |
| 008 - FIXED-LENGTH DATA ELEMENTS--GENERAL INFORMATION | |
| fixed length control field | 230919m2023 ai ||||fr|||||001|||arm|d |
| 020 ## - INTERNATIONAL STANDARD BOOK NUMBER | |
| International Standard Book Number | 978-9939-0-4539-9 (Գիրք Ա) |
| 020 ## - INTERNATIONAL STANDARD BOOK NUMBER | |
| International Standard Book Number | 978-9939-0-4827-7 (Գիրք Բ) |
| 020 ## - INTERNATIONAL STANDARD BOOK NUMBER | |
| International Standard Book Number | 978-9939-0-4908-3 (Գիրք Գ) |
| 040 ## - CATALOGING SOURCE | |
| Original cataloging agency | AM-YeHGA |
| 041 0# - LANGUAGE CODE | |
| Language code of text/sound track or separate title | arm |
| 100 1# - MAIN ENTRY--PERSONAL NAME | |
| Personal name | Լոռենց, Վահե |
| 245 10 - TITLE STATEMENT | |
| Title | Գահնամակ / |
| Statement of responsibility, etc. | Վահե Լոռենց ; Խմբագիր՝ Լ. Անթանեսյան. |
| 260 ## - PUBLICATION, DISTRIBUTION, ETC. | |
| Place of publication, distribution, etc. | Երևան : |
| Name of publisher, distributor, etc. | Հեղ. հրատ., |
| Date of publication, distribution, etc. | 2023- |
| 300 ## - PHYSICAL DESCRIPTION | |
| Extent | գիրք ; |
| Dimensions | 24 սմ. |
| 504 ## - BIBLIOGRAPHY, ETC. NOTE | |
| Bibliography, etc. note | Մատենագիտություն՝ էջ 297-299 (Գիրք Ա)։ |
| 504 ## - BIBLIOGRAPHY, ETC. NOTE | |
| Bibliography, etc. note | Օգտագործված գրականության ցանկ՝ էջ 305-307 (Գիրք Բ)։ |
| 504 ## - BIBLIOGRAPHY, ETC. NOTE | |
| Bibliography, etc. note | Օգտագործված գրականության ցանկ՝ էջ 274-276 (Գիրք Գ)։ |
| 505 00 - FORMATTED CONTENTS NOTE | |
| Miscellaneous information | Գ. Ա (2023; 304 էջ) |
| -- | Գ. Բ (2024; 307 էջ) |
| -- | Գ. Գ (2024; 276 էջ) |
| 650 14 - SUBJECT ADDED ENTRY--TOPICAL TERM | |
| Topical term or geographic name entry element | Հայոց պատմության անվանի գործիչներ |
| 650 14 - SUBJECT ADDED ENTRY--TOPICAL TERM | |
| Topical term or geographic name entry element | Անվանի հայեր |
| 650 14 - SUBJECT ADDED ENTRY--TOPICAL TERM | |
| Topical term or geographic name entry element | Տոհմաբանություն |
| Geographic subdivision | Հայաստան |
| 700 1# - ADDED ENTRY--PERSONAL NAME | |
| Personal name | Անթանեսյան, Լիլիթ |
| Relator term | խմբագիր |
| Relationship | edt |
| 942 ## - ADDED ENTRY ELEMENTS (KOHA) | |
| Source of classification or shelving scheme | Universal Decimal Classification |
| Koha item type | Գրքեր / Books |
| Withdrawn status | Lost status | Source of classification or shelving scheme | Damaged status | Not for loan | Collection | Home library | Current library | Date acquired | Serial enumeration / chronology | Total checkouts | Full call number | Barcode | Date last seen | Price effective from | Koha item type | Public note |
|---|---|---|---|---|---|---|---|---|---|---|---|---|---|---|---|---|
| Universal Decimal Classification | General | Fundamental Scientific Library | Fundamental Scientific Library | 13/06/2025 | Գ. Ա | AII/113298 | FL0693420 | 13/06/2025 | 13/06/2025 | Գրքեր / Books | 30 Days Loan | |||||
| Universal Decimal Classification | General | Fundamental Scientific Library | Fundamental Scientific Library | 13/06/2025 | Գ. Բ | AII/113299 | FL0693421 | 13/06/2025 | 13/06/2025 | Գրքեր / Books | 30 Days Loan | |||||
| Universal Decimal Classification | General | Fundamental Scientific Library | Fundamental Scientific Library | 13/06/2025 | Գ. Գ | AII/113300 | FL0693422 | 13/06/2025 | 13/06/2025 | Գրքեր / Books | 30 Days Loan |
ՀՀ Գիտությունների ազգային ակադեմիայի հիմնարար գիտական գրադարան = Fundamental Scientific Library of NAS RA
All site content, except where otherwise noted, is licensed under a